000 00577nam a2200253Ia 4500
005 20260121161137.0
008 008 260114s9999 xx 000 0 eng d
020 _a9781003309222
037 _aEBOOK
040 _aCRL
040 _beng
040 _cCRL
041 _2eng
041 _aeng
084 _qCRL
100 _a C.W.W. Greenidge
_91040750
245 0 _aSlavery
260 _bTaylor and Francis
260 _c1958
856 _uhttp://www.taylorfrancis.com/books/9781003309222
942 _cEBOOK
999 _c1607566
_d1607566